[Event "Titled Tuesday intern op 01st Aug Late"]
[Site "Chess.com INT"]
[Date "2023.08.01"]
[Round "3"]
[White "Castro Silva, Moises Antonio"]
[Black "Manon Og, Ramon Jr"]
[Result "0-1"]
[WhiteElo "2144"]
[BlackElo "1966"]
[PlyCount "78"]
[EventDate "2023.08.01"]
[EventType "swiss (blitz)"]
[EventRounds "11"]
[EventCountry "USA"]
[SourceTitle "EXT 2024"]
[Source "ChessBase"]
[SourceDate "2023.10.10"]
[SourceVersion "1"]
[SourceVersionDate "2023.10.10"]
[SourceQuality "1"]

1. e4 c5 2. Nf3 d6 3. d4 cxd4 4. Nxd4 Nf6 5. Nc3 a6 6. Bg5 e6 7. f4 Be7 8. Qf3 Nbd7 9. 0-0-0 Qc7 10. g4 0-0 11. Bxf6 Nxf6 12. g5 Nd7 13. h4 b5 14. f5 b4 15. Na4 Ne5 16. Qg3 Kh8 17. Bh3 exf5 18. exf5 f6 19. Ne6 Bxe6 20. fxe6 Rac8 21. Qb3 fxg5 22. hxg5 Rf3 23. Bf5 Rxb3 24. Rxh7+ Kg8 25. Rdh1 Bxg5+ 26. Kb1 Rxb2+ 27. Nxb2 Bh6 28. R1xh6 gxh6 29. Rxc7 Rxc7 30. Nd1 h5 31. Ne3 h4 32. Nd5 Rg7 33. Nxb4 Kf8 34. Nxa6 Nc4 35. a4 Ne3 36. Be4 d5 37. Bf3 Ke7 38. Nc5 Kd6 39. a5 Kxc5 0-1

[Event "Titled Tuesday intern op 01st Aug Late"]
[Site "Chess.com INT"]
[Date "2023.08.01"]
[Round "2"]
[White "Castro Silva, Moises Antonio"]
[Black "Szajbely, Zsigmond"]
[Result "0-1"]
[WhiteElo "2144"]
[BlackElo "2247"]
[PlyCount "114"]
[EventDate "2023.08.01"]
[EventType "swiss (blitz)"]
[EventRounds "11"]
[EventCountry "USA"]
[SourceTitle "EXT 2024"]
[Source "ChessBase"]
[SourceDate "2023.10.10"]
[SourceVersion "1"]
[SourceVersionDate "2023.10.10"]
[SourceQuality "1"]

1. e4 e6 2. d4 d5 3. Nd2 dxe4 4. Nxe4 Nd7 5. Nf3 Ngf6 6. Nxf6+ Nxf6 7. Bg5 Be7 8. Bd3 h6 9. Bh4 b6 10. Ne5 0-0 11. Nc6 Qd6 12. Nxe7+ Qxe7 13. Qf3 Rb8 14. 0-0 Bb7 15. Qe2 c5 16. dxc5 Qxc5 17. Bxf6 gxf6 18. Qe3 Qg5 19. Qg3 f5 20. f4 Qxg3 21. hxg3 Be4 22. Rad1 Rfd8 23. Bxe4 fxe4 24. Kf2 f5 25. c3 Kg7 26. Ke3 b5 27. a3 Kg6 28. g4 a6 29. gxf5+ exf5 30. Rh1 a5 31. g3 b4 32. cxb4 axb4 33. a4 b3 34. Rxd8 Rxd8 35. a5 Rd3+ 36. Kf2 Rd2+ 37. Ke3 Rxb2 38. Ra1 Ra2 39. Rb1 b2 40. a6 Ra3+ 41. Kf2 Rxa6 42. Rxb2 Kh5 43. Kg2 Kg4 44. Kf2 Ra3 45. Rb8 Rf3+ 46. Ke2 Rxg3 47. Rh8 Kxf4 48. Rxh6 Rg2+ 49. Kf1 Ra2 50. Rb6 Kf3 51. Kg1 e3 52. Rf6 f4 53. Re6 e2 54. Kh1 Ra1+ 55. Kh2 e1Q 56. Rxe1 Rxe1 57. Kh3 Rh1# 0-1

[Event "Titled Tuesday intern op 01st Aug Late"]
[Site "Chess.com INT"]
[Date "2023.08.01"]
[Round "4"]
[White "Joubert, Dantelle"]
[Black "Castro Silva, Moises Antonio"]
[Result "0-1"]
[WhiteElo "1566"]
[BlackElo "2144"]
[PlyCount "66"]
[EventDate "2023.08.01"]
[EventType "swiss (blitz)"]
[EventRounds "11"]
[EventCountry "USA"]
[SourceTitle "EXT 2024"]
[Source "ChessBase"]
[SourceDate "2023.10.10"]
[SourceVersion "1"]
[SourceVersionDate "2023.10.10"]
[SourceQuality "1"]

1. e4 c5 2. Nf3 Nc6 3. d4 cxd4 4. Nxd4 Nf6 5. Nc3 e5 6. Ndb5 d6 7. a4 a6 8. Na3 Be6 9. Bg5 Rc8 10. Be2 Nd4 11. 0-0 Be7 12. Be3 Rxc3 13. bxc3 Nxe2+ 14. Qxe2 Nxe4 15. c4 0-0 16. f3 Nf6 17. Rfd1 Qc7 18. Rab1 d5 19. Bb6 Bc5+ 20. Bxc5 Qxc5+ 21. Kh1 Qxa3 22. Qxe5 dxc4 23. a5 Qe7 24. Qd6 Qxd6 25. Rxd6 Bd5 26. Kg1 h6 27. Kf2 Re8 28. g4 Kf8 29. h4 Bc6 30. Rbd1 Re5 31. R1d4 Ke7 32. Rd8 Rxa5 33. Rxc4 Kxd8 0-1

[Event "Titled Tuesday intern op 01st Aug Late"]
[Site "Chess.com INT"]
[Date "2023.08.01"]
[Round "1"]
[White "Matlakov, Maxim"]
[Black "Castro Silva, Moises Antonio"]
[Result "1-0"]
[WhiteElo "2677"]
[BlackElo "2144"]
[PlyCount "75"]
[EventDate "2023.08.01"]
[EventType "swiss (blitz)"]
[EventRounds "11"]
[EventCountry "USA"]
[SourceTitle "EXT 2024"]
[Source "ChessBase"]
[SourceDate "2023.10.10"]
[SourceVersion "1"]
[SourceVersionDate "2023.10.10"]
[SourceQuality "1"]

1. d4 Nf6 2. Nf3 e6 3. Bg5 c5 4. e3 Nc6 5. Nbd2 Be7 6. Bd3 0-0 7. c3 d5 8. 0-0 b6 9. Ne5 Bb7 10. f4 h6 11. Bh4 Nxe5 12. fxe5 Nd7 13. Bg3 f5 14. exf6 Nxf6 15. Qe2 Bd6 16. Bf4 Qe7 17. Nf3 Nd7 18. Bxd6 Qxd6 19. Nh4 Rxf1+ 20. Rxf1 Rf8 21. Re1 e5 22. Bf5 Bc8 23. Rf1 e4 24. Qg4 Rf6 25. h3 c4 26. Ng6 b5 27. a3 a5 28. h4 a4 29. h5 Kf7 30. Ne5+ Nxe5 31. dxe5 Qxe5 32. Bxc8 Rxf1+ 33. Kxf1 Qh2 34. Qh3 Qxh3 35. gxh3 Ke7 36. Kg2 Kd6 37. Kg3 Ke7 38. Kf4 1-0

[Event "Pan American-ch U20"]
[Site "Pereira"]
[Date "2022.08.28"]
[Round "9"]
[White "Vasquez Vargas, Henry Richard"]
[Black "Castro Silva, Moises Antonio"]
[Result "1/2-1/2"]
[WhiteElo "2130"]
[BlackElo "2169"]
[PlyCount "88"]
[EventDate "2022.08.23"]
[EventType "swiss"]
[EventRounds "9"]
[EventCountry "COL"]
[SourceTitle "CBM 210 Extra"]
[Source "ChessBase"]
[SourceDate "2022.11.30"]
[SourceVersion "1"]
[SourceVersionDate "2022.11.30"]
[SourceQuality "1"]

1. d4 Nf6 2. c4 g6 3. f3 d5 4. cxd5 Nxd5 5. e4 Nb6 6. Nc3 Bg7 7. Be3 0-0 8. Qd2 Nc6 9. 0-0-0 Qd6 10. Kb1 Rd8 11. d5 Ne5 12. Qf2 Nec4 13. Bc5 Qd7 14. Bd4 e5 15. Bc5 Qe8 16. h4 f5 17. h5 gxh5 18. Nge2 fxe4 19. fxe4 Bg4 20. b3 Nd6 21. Rd3 Qg6 22. Ng3 Rf8 23. Qe1 Nd7 24. Ba3 Rf4 25. Re3 Bh6 26. Bd3 Raf8 27. Bxd6 cxd6 28. Nf5 R4xf5 29. exf5 Bxf5 30. Bxf5 Qxf5+ 31. Re4 Nc5 32. Qe2 Nxe4 33. Nxe4 Qg6 34. g3 Rf2 35. Qc4 Rf7 36. Qe2 Rf2 37. Qc4 Be3 38. Qd3 Rf3 39. Re1 Qh6 40. Qc3 Qg6 41. Qd3 Qh6 42. Qc3 Qg6 43. Qd3 Qh6 44. Nxd6 Qxd6 1/2-1/2

[Event "Pan American-ch U20"]
[Site "Pereira"]
[Date "2022.08.24"]
[Round "4"]
[White "Tobar Beltran, Jorge Esteban"]
[Black "Castro Silva, Moises Antonio"]
[Result "0-1"]
[WhiteElo "1929"]
[BlackElo "2169"]
[PlyCount "68"]
[EventDate "2022.08.23"]
[EventType "swiss"]
[EventRounds "9"]
[EventCountry "COL"]
[SourceTitle "CBM 210 Extra"]
[Source "ChessBase"]
[SourceDate "2022.11.30"]
[SourceVersion "1"]
[SourceVersionDate "2022.11.30"]
[SourceQuality "1"]

1. d4 Nf6 2. Bg5 d5 3. Bxf6 exf6 4. e3 Bd6 5. g3 c6 6. Bg2 h5 7. Ne2 h4 8. Nd2 Bg4 9. f3 Be6 10. Nf4 hxg3 11. hxg3 Rxh1+ 12. Bxh1 Qc7 13. Nf1 Nd7 14. Qd3 0-0-0 15. 0-0-0 Rh8 16. Bg2 Nb6 17. Nd2 Bd7 18. Rh1 Qd8 19. Qf1 g5 20. Ne2 Re8 21. e4 c5 22. f4 cxd4 23. Nxd4 gxf4 24. gxf4 Qc7 25. Nb5 Bxb5 26. Qxb5 Rg8 27. Bh3+ Kb8 28. e5 fxe5 29. fxe5 Bxe5 30. Kb1 a6 31. Qd3 Rg3 32. Qf5 Na4 33. Qf2 Nc3+ 34. Ka1 Qa5 0-1

[Event "Olympiad-44"]
[Site "Chennai"]
[Date "2022.08.09"]
[Round "11.4"]
[White "Arenas Vanegas, David"]
[Black "Castro Silva, Moises Antonio"]
[Result "1-0"]
[WhiteElo "2426"]
[BlackElo "2237"]
[PlyCount "97"]
[EventDate "2022.07.29"]
[EventType "team-swiss"]
[EventRounds "11"]
[EventCountry "IND"]
[SourceTitle "CBM 210"]
[Source "ChessBase"]
[SourceDate "2022.10.31"]
[SourceVersion "1"]
[SourceVersionDate "2022.10.31"]
[SourceQuality "1"]
[WhiteTeam "Colombia"]
[BlackTeam "Venezuela"]
[WhiteTeamCountry "COL"]
[BlackTeamCountry "VEN"]

1. c4 c5 2. Nc3 Nc6 3. Nf3 g6 4. e3 Nf6 5. d4 cxd4 6. exd4 d5 7. cxd5 Nxd5 8. Qb3 Nxc3 9. Bc4 e6 10. bxc3 Bg7 11. Ba3 Ne7 12. Qb5+ Qd7 13. Ne5 Qxb5 14. Bxb5+ Kf8 15. Rb1 Bf6 16. Ng4 Bg7 17. Be2 f6 18. Ne3 b6 19. Bf3 Rb8 20. Bd6 Rb7 21. Bxb7 Bxb7 22. a4 Kf7 23. a5 Be4 24. Rb2 bxa5 25. Bxe7 Kxe7 26. Ra2 Rb8 27. 0-0 Bh6 28. Ng4 Bf4 29. Rxa5 Rb7 30. Rfa1 Bb8 31. Ne3 Rb3 32. c4 f5 33. Re1 Kf6 34. Ra6 Kf7 35. Nf1 Rb6 36. Rxb6 axb6 37. Nd2 Bc6 38. Ra1 Ke7 39. Ra6 Kd7 40. Rxb6 Ba7 41. Rb3 f4 42. Ra3 Bb8 43. Nb3 Ke7 44. Ra6 Be8 45. Nc5 Bf7 46. Ra8 Bd6 47. Ne4 Bc7 48. Ra7 Kd8 49. Ng5 1-0

[Event "Olympiad-44"]
[Site "Chennai"]
[Date "2022.08.03"]
[Round "6.4"]
[White "Perez Gormaz, Matias Ariel"]
[Black "Castro Silva, Moises Antonio"]
[Result "1-0"]
[WhiteElo "2387"]
[BlackElo "2237"]
[PlyCount "51"]
[EventDate "2022.07.29"]
[EventType "team-swiss"]
[EventRounds "11"]
[EventCountry "IND"]
[SourceTitle "CBM 210"]
[Source "ChessBase"]
[SourceDate "2022.10.31"]
[SourceVersion "1"]
[SourceVersionDate "2022.10.31"]
[SourceQuality "1"]
[WhiteTeam "Chile"]
[BlackTeam "Venezuela"]
[WhiteTeamCountry "CHI"]
[BlackTeamCountry "VEN"]

1. e4 c5 2. Nf3 e6 3. b3 b6 4. d4 cxd4 5. Nxd4 Bb7 6. Nd2 Bb4 7. Bb2 Nf6 8. a3 Bxd2+ 9. Qxd2 Nxe4 10. Qe3 0-0 11. 0-0-0 d5 12. f3 Nd6 13. Qe5 Ne8 14. h4 Nd7 15. Qg3 Qc7 16. Qf2 Nef6 17. h5 h6 18. Kb1 a6 19. g4 Nc5 20. g5 hxg5 21. h6 gxh6 22. Rxh6 Nh7 23. b4 Rae8 24. bxc5 bxc5 25. Bd3 f5 26. Rg6+ 1-0

[Event "Titled Tuesday intern op 07th Jun Late"]
[Site "Chess.com INT"]
[Date "2022.06.07"]
[Round "3"]
[White "Melikhov, Evgeny V"]
[Black "Castro Silva, Moises Antonio"]
[Result "0-1"]
[WhiteElo "2292"]
[BlackElo "2237"]
[PlyCount "90"]
[EventDate "2022.06.07"]
[EventType "swiss (blitz)"]
[EventRounds "11"]
[EventCountry "USA"]
[SourceTitle "CBM 208 Extra"]
[Source "ChessBase"]
[SourceDate "2022.07.31"]
[SourceVersion "1"]
[SourceVersionDate "2022.07.31"]
[SourceQuality "1"]

1. d4 Nf6 2. c4 e6 3. Nc3 Bb4 4. Qc2 c5 5. dxc5 Na6 6. a3 Bxc3+ 7. Qxc3 Nxc5 8. f3 d5 9. cxd5 Qxd5 10. e4 Qh5 11. b4 Ncd7 12. Be3 0-0 13. Ne2 b6 14. Ng3 Qe5 15. Qxe5 Nxe5 16. Bd4 Nc6 17. Bb2 Rd8 18. Rd1 Bb7 19. Be2 Nd7 20. Kf2 Nde5 21. Rxd8+ Rxd8 22. Rd1 Rxd1 23. Bxd1 Nd3+ 24. Ke3 Nxb2 25. Bc2 Nc4+ 26. Kd3 Nxa3 27. Bb3 Nxb4+ 28. Kc3 a5 29. Nf1 Nb5+ 30. Kb2 Bc6 31. Ne3 Nd6 32. h4 Nd3+ 33. Kc3 Nf4 34. g3 Ne2+ 35. Kb2 Nxg3 36. Nc2 b5 37. Nd4 Bd7 38. Bc2 Nc4+ 39. Kc3 h5 40. Bd3 Ne5 41. Bxb5 Bxb5 42. Nxb5 Nxf3 43. Nd6 Nxh4 44. Kd4 Ng2 45. e5 h4 0-1

[Event "Titled Tuesday intern op 07th Jun Late"]
[Site "Chess.com INT"]
[Date "2022.06.07"]
[Round "9"]
[White "Quirke, Jeffrey"]
[Black "Castro Silva, Moises Antonio"]
[Result "0-1"]
[WhiteElo "2077"]
[BlackElo "2237"]
[PlyCount "44"]
[EventDate "2022.06.07"]
[EventType "swiss (blitz)"]
[EventRounds "11"]
[EventCountry "USA"]
[SourceTitle "CBM 208 Extra"]
[Source "ChessBase"]
[SourceDate "2022.07.31"]
[SourceVersion "1"]
[SourceVersionDate "2022.07.31"]
[SourceQuality "1"]

1. e4 c5 2. Nc3 Nc6 3. f4 g6 4. Nf3 Bg7 5. a4 e6 6. e5 d6 7. Bb5 Bd7 8. Ne4 dxe5 9. Nd6+ Ke7 10. Nxb7 Qb6 11. fxe5 Qxb7 12. d4 Nxd4 13. Bg5+ f6 14. exf6+ Bxf6 15. Bxf6+ Nxf6 16. Nxd4 cxd4 17. 0-0 Bxb5 18. axb5 Qxb5 19. Qf3 Rhf8 20. Qa3+ Kf7 21. Rad1 Qb6 22. Qf3 Kg7 0-1

[Event "VEN-ch Expertos"]
[Site "Caracas"]
[Date "2022.04.13"]
[Round "2"]
[White "Mora Moron, Jose Ramon"]
[Black "Castro Silva, Moises Antonio"]
[Result "0-1"]
[WhiteElo "2196"]
[BlackElo "2053"]
[PlyCount "106"]
[EventDate "2022.04.13"]
[EventType "swiss"]
[EventRounds "7"]
[EventCountry "VEN"]
[SourceTitle "CBM 207 Extra"]
[Source "ChessBase"]
[SourceDate "2022.05.31"]
[SourceVersion "1"]
[SourceVersionDate "2022.05.31"]
[SourceQuality "1"]

1. e4 c5 2. Nf3 Nc6 3. d4 cxd4 4. Nxd4 Nf6 5. Nc3 e5 6. Ndb5 d6 7. Bg5 a6 8. Na3 b5 9. Nd5 Be7 10. Bxf6 Bxf6 11. c4 b4 12. Nc2 a5 13. Be2 Bg5 14. 0-0 0-0 15. Qd3 Rb8 16. b3 Be6 17. Rad1 Bxd5 18. Qxd5 Qb6 19. Kh1 Rbd8 20. g3 Ne7 21. Qd3 f5 22. f4 Bh6 23. Ne3 exf4 24. gxf4 Qc5 25. exf5 Nxf5 26. Qd5+ Qxd5+ 27. Nxd5 Rde8 28. Bg4 g6 29. Bxf5 Rxf5 30. Rfe1 Rxe1+ 31. Rxe1 Kg7 32. Kg2 Bxf4 33. Re7+ Kh6 34. Nxf4 Rxf4 35. Ra7 Rf5 36. Ra6 d5 37. Rxa5 Rg5+ 38. Kf3 dxc4 39. Rxg5 Kxg5 40. h4+ Kf5 41. bxc4 Ke5 42. Ke3 h6 43. Kd3 g5 44. h5 Kd6 45. Kd4 Kc6 46. Ke4 Kc5 47. Kd3 g4 48. Ke4 Kxc4 49. Kf4 Kc3 50. Kxg4 Kb2 51. Kf5 Kxa2 52. Kg6 b3 53. Kxh6 b2 0-1

[Event "Titled Tuesday intern op 14th Sept"]
[Site "Chess.com INT"]
[Date "2021.09.14"]
[Round "9"]
[White "Sharma, Dinesh Kumar"]
[Black "Castro Silva, Moises Antonio"]
[Result "1-0"]
[WhiteElo "2289"]
[BlackElo "1951"]
[PlyCount "109"]
[EventDate "2021.09.14"]
[EventType "swiss (blitz)"]
[EventRounds "11"]
[EventCountry "USA"]
[SourceTitle "EXT 2022"]
[Source "ChessBase"]
[SourceDate "2021.10.06"]
[SourceVersion "1"]
[SourceVersionDate "2021.10.06"]
[SourceQuality "1"]

1. e4 c5 2. Nf3 Nc6 3. d4 cxd4 4. Nxd4 Nf6 5. Nc3 e6 6. Nxc6 bxc6 7. e5 Nd5 8. Ne4 Qc7 9. f4 Qb6 10. c4 Bb4+ 11. Ke2 f5 12. exf6 Nxf6 13. Be3 Qa5 14. Nd6+ Ke7 15. Nxc8+ Raxc8 16. Kf2 Ne4+ 17. Kf3 d5 18. Bd3 Nf6 19. a3 Bd6 20. c5 Bb8 21. b4 Qc7 22. g3 h5 23. Bd4 Qd7 24. Kg2 Rce8 25. Re1 Kd8 26. Bg6 Re7 27. Qd3 Rh6 28. h3 Ne4 29. Bxe4 dxe4 30. Qxe4 Qd5 31. Rad1 Qxe4+ 32. Rxe4 Rd7 33. Rde1 h4 34. g4 a5 35. R1e2 axb4 36. axb4 Rh8 37. Bf2 Re8 38. Bxh4+ Kc8 39. Bg3 Kb7 40. Rxe6 Rxe6 41. Rxe6 Rd2+ 42. Kf3 Rb2 43. Re4 Ka6 44. Bf2 Rb3+ 45. Be3 Kb5 46. f5 Rxb4 47. Rxb4+ Kxb4 48. Bd4 Kc4 49. Bxg7 Kxc5 50. h4 Kd6 51. h5 Ke7 52. h6 Kf7 53. g5 c5 54. g6+ Kg8 55. Bc3 1-0

[Event "Pan American-ch Hybrid U18 31st"]
[Site "Tornelo INT"]
[Date "2021.09.04"]
[Round "2"]
[White "Castro Silva, Moises Antonio"]
[Black "Peng, Shunkai"]
[Result "1/2-1/2"]
[WhiteElo "1951"]
[BlackElo "2296"]
[PlyCount "167"]
[EventDate "2021.09.04"]
[EventType "swiss"]
[EventRounds "9"]
[EventCountry "NET"]
[SourceTitle "EXT 2023"]
[Source "ChessBase"]
[SourceDate "2022.10.05"]
[SourceVersion "1"]
[SourceVersionDate "2022.10.05"]
[SourceQuality "1"]

1. e4 c5 2. Nf3 d6 3. d4 Nf6 4. Nc3 cxd4 5. Nxd4 a6 6. Bg5 e6 7. f4 h6 8. Bh4 Qb6 9. Qd2 Qxb2 10. Rb1 Qa3 11. e5 dxe5 12. fxe5 Nfd7 13. Ne4 Qxa2 14. Rd1 Qd5 15. Qe3 Qxe5 16. Be2 Bc5 17. Bg3 Bxd4 18. Rxd4 Qa5+ 19. Rd2 0-0 20. Bd6 Nc6 21. Bxf8 Nxf8 22. 0-0 Qe5 23. Qf2 f5 24. Nd6 Rb8 25. Re1 Qf6 26. Bc4 f4 27. Ne4 Qf5 28. Qc5 Qxc5+ 29. Nxc5 Kf7 30. Rde2 a5 31. Nxe6 Bxe6 32. Bxe6+ Nxe6 33. Rxe6 a4 34. R6e4 b5 35. Rxf4+ Kg8 36. Re6 Rc8 37. c3 a3 38. Re2 Na5 39. Rb4 Rc5 40. Re8+ Kf7 41. Ra8 Nc4 42. Rb1 Rd5 43. Rb8 Nb2 44. Ra1 Nc4 45. Rb1 Kg6 46. Ra1 Kf5 47. Kf2 Rd2+ 48. Kf3 Rb2 49. Rc8 Ke6 50. Rxc4 bxc4 51. Rxa3 Rb3 52. Ra7 Rxc3+ 53. Kf4 Kf6 54. Ra6+ Kf7 55. Ra7+ Kg6 56. Ra6+ Kh7 57. Rc6 Rc2 58. h4 c3 59. g3 Rc1 60. Kf3 c2 61. Kg2 Kg8 62. Rc7 Kf8 63. Kh2 Ke8 64. Kg2 Kd8 65. Rc6 Kd7 66. Rc3 Ke6 67. Rc6+ Kf5 68. Rc5+ Ke4 69. Rc8 g6 70. Re8+ Kd5 71. Rd8+ Ke6 72. Rc8 Kd6 73. Rc3 Kd5 74. Rc8 g5 75. hxg5 hxg5 76. Rd8+ Kc6 77. Rc8+ Kd6 78. Rc3 Ke5 79. Rc8 Ke4 80. Re8+ Kf5 81. Rc8 g4 82. Rc4 Ke5 83. Rc8 Kd4 84. Rd8+ 1/2-1/2

[Event "Pan American-ch Hybrid U18 31st"]
[Site "Tornelo INT"]
[Date "2021.09.04"]
[Round "8"]
[White "Castro Silva, Moises Antonio"]
[Black "Vazquez, Facundo"]
[Result "1/2-1/2"]
[WhiteElo "1951"]
[BlackElo "2190"]
[PlyCount "41"]
[EventDate "2021.09.04"]
[EventType "swiss"]
[EventRounds "9"]
[EventCountry "NET"]
[SourceTitle "EXT 2023"]
[Source "ChessBase"]
[SourceDate "2022.10.05"]
[SourceVersion "1"]
[SourceVersionDate "2022.10.05"]
[SourceQuality "1"]

1. e4 c5 2. Nf3 Nc6 3. d4 cxd4 4. Nxd4 Nf6 5. Nc3 e5 6. Ndb5 d6 7. Bg5 a6 8. Na3 b5 9. Nd5 Be7 10. Bxf6 Bxf6 11. c3 Bg5 12. Nc2 Rb8 13. Be2 0-0 14. 0-0 Be6 15. Ncb4 Nxb4 16. cxb4 Rc8 17. a4 Bxd5 18. Qxd5 Rc2 19. Bd3 Rxb2 20. axb5 axb5 21. Rab1 1/2-1/2

[Event "Pan American-ch Hybrid U18 31st"]
[Site "Tornelo INT"]
[Date "2021.09.04"]
[Round "6"]
[White "Titichoca Daza, Daniel Henry"]
[Black "Castro Silva, Moises Antonio"]
[Result "1/2-1/2"]
[WhiteElo "2061"]
[BlackElo "1951"]
[PlyCount "80"]
[EventDate "2021.09.04"]
[EventType "swiss"]
[EventRounds "9"]
[EventCountry "NET"]
[SourceTitle "EXT 2023"]
[Source "ChessBase"]
[SourceDate "2022.10.05"]
[SourceVersion "1"]
[SourceVersionDate "2022.10.05"]
[SourceQuality "1"]

1. e4 c5 2. Nc3 Nc6 3. Bb5 g6 4. Bxc6 dxc6 5. f4 Nf6 6. Nf3 Bg7 7. 0-0 0-0 8. d3 Ne8 9. Qe1 Nc7 10. Qh4 f6 11. g4 e5 12. f5 g5 13. Qf2 b6 14. h4 h6 15. Be3 Ba6 16. a4 Rf7 17. Ne2 Qe7 18. b3 Bf8 19. Ng3 Ne8 20. Kg2 Rd8 21. Rad1 Rd7 22. Rh1 Rh7 23. Rh3 Qd8 24. Rdh1 Rdf7 25. Qg1 Qe7 26. Qh2 Bc8 27. Nh5 Bd7 28. hxg5 hxg5 29. Bxg5 fxg5 30. Nxe5 Qd6 31. f6 Rh6 32. Ng7 Qxf6 33. Nxf7 Rxh3 34. Qxh3 Bxg7 35. Nh6+ Bxh6 36. Qxh6 Qxh6 37. Rxh6 Kg7 38. Rh5 Kg6 39. Rh8 Kg7 40. Rh5 Kg6 1/2-1/2

[Event "VEN-ch U20"]
[Site "Maracay"]
[Date "2018.05.31"]
[Round "4"]
[White "Castro Silva, Moises Antonio"]
[Black "Gil Oviedo, Luis Mariano"]
[Result "1-0"]
[WhiteElo "1812"]
[BlackElo "1417"]
[PlyCount "77"]
[EventDate "2018.05.31"]
[EventType "swiss"]
[EventRounds "7"]
[EventCountry "VEN"]
[SourceTitle "EXT 2019"]
[Source "ChessBase"]
[SourceDate "2018.10.10"]
[SourceVersion "1"]
[SourceVersionDate "2018.10.10"]
[SourceQuality "1"]

1. e4 e6 2. d4 d5 3. Nd2 Nf6 4. e5 Nfd7 5. Bd3 c5 6. c3 Nc6 7. Ne2 Be7 8. 0-0 Qc7 9. f4 b6 10. Nf3 Bb7 11. Be3 0-0 12. f5 exf5 13. Bxf5 Nd8 14. Nf4 Re8 15. Nd2 Nf8 16. Qg4 Qc6 17. Nh5 Ng6 18. Bd7 Bc8 19. Bxc6 Bxg4 20. Bxa8 Bxh5 21. Bxd5 cxd4 22. cxd4 Bb4 23. Rac1 Ne7 24. Bf3 Bxf3 25. Nxf3 Nd5 26. Bd2 Bxd2 27. Nxd2 Ne6 28. Nf3 Nef4 29. Rc6 Ne3 30. Rf2 Ned5 31. a3 Ne6 32. Rfc2 Ne7 33. Rd6 Nf5 34. Rd7 a5 35. Rc6 b5 36. g4 Ne3 37. h3 f5 38. gxf5 Nxf5 39. Rxe6 1-0